Business law and practice 2010/2011 (Record no. 112217)

MARC details
000 -LEADER
fixed length control field 02276cam a22002415a 4500
001 - CONTROL NUMBER
control field L152807
008 - FIXED-LENGTH DATA ELEMENTS--GENERAL INFORMATION
fixed length control field 110504s2010 xxk f 000 0 eng d
020 ## - INTERNATIONAL STANDARD BOOK NUMBER
International Standard Book Number 9781907624049
035 ## - SYSTEM CONTROL NUMBER
System control number (Sirsi) u152807
041 0# - LANGUAGE CODE
Language code of text/sound track or separate title eng
100 1# - MAIN ENTRY--PERSONAL NAME
Personal name Adams, Trevor
245 00 - TITLE STATEMENT
Title Business law and practice 2010/2011
Medium [electronic resource]
260 ## - PUBLICATION, DISTRIBUTION, ETC.
Place of publication, distribution, etc. London
Name of publisher, distributor, etc. College of Law
Date of publication, distribution, etc. 2010
300 ## - PHYSICAL DESCRIPTION
Extent eBook
505 2# - FORMATTED CONTENTS NOTE
Formatted contents note 1 Introduction to common forms of business organisation -- 2 Introduction to the company -- 3 Why, and how to, form a company -- 4 The company's constitution -- 5 Members and meetings -- 6 Directors -- 7 The company secretary -- 8 The auditor -- 9 Electronic communication by companies -- 10 Financing a company I Shares -- 11 Financing a company II Debt -- 12 Security for loans: debentures and charges -- 13 The start of a partnership -- 14 The partnership agreement -- 15 Partners' responsibilities -- 16 Liability for the firm's debts -- 17 Dissolution -- 18 Limited liability partnerships -- 19 Corporate insolvency -- 20 Personal insolvency -- 21 Calculation of trading profits of a business -- 22 Taxation of companies I Corporation tax -- 23 Taxation of companies II Special provisions relating to companies -- 24 Taxation of sole traders -- 25 Taxation of partnerships -- 26 Taxation of employees and directors -- 27 Taxation of savings and investment income -- 28 Business reliefs from CGT and IHT available to individuals -- 29 General considerations: liability -- 30 Tax considerations in choice of medium -- 31 Conversion and the immediate implications -- 32 Sale of goods -- 33 Employment and other regulatory concerns in running a business -- 34 Introduction to agency and distribution agreements -- 35 Choosing a marketing agreement -- 36 Competition law -- Appendix 1 Joint ventures -- Appendix 2 The destination in the companies act 2006 of some Commonly-used sections of the Companies act 1985 -- Appendix 3 Company accounts
590 ## - LOCAL NOTE (RLIN)
Local note ka
651 #4 - SUBJECT ADDED ENTRY--GEOGRAPHIC NAME
Geographic name ENGLAND AND WALES
690 ## - LOCAL SUBJECT ADDED ENTRY--TOPICAL TERM (OCLC, RLIN)
Topical term or geographic name as entry element MANAGEMENT-BUSINESS MANAGEMENT
700 1# - ADDED ENTRY--PERSONAL NAME
Personal name Morris, Christopher
700 1# - ADDED ENTRY--PERSONAL NAME
Personal name Longshaw, Alexis
856 40 - ELECTRONIC LOCATION AND ACCESS
Uniform Resource Identifier <a href="https://www.vlebooks.com/">https://www.vlebooks.com/</a>
Public note View on VLEbooks. Logins for members only from [email protected]
942 ## - ADDED ENTRY ELEMENTS (KOHA)
Suppress in OPAC 0
Holdings
Withdrawn status Lost status Source of classification or shelving scheme Damaged status Not for loan Home library Current library Shelving location Date acquired Total Checkouts Full call number Barcode Date last seen Copy number Price effective from Koha item type
    Dewey Decimal Classification     Virtual Virtual Online 04/05/2011   EBOOK 152807-2001 06/08/2019 1 06/08/2019 Book